Southville International School and Colleges
Your cart is empty.
  • Cart
  • Lists
    Public lists Eva Luna New books Lux_list list_1
    Your lists Log in to create your own lists
  • Log in to your account
  • Your cookies
  • Search history
Southville International School and Colleges
  • Advanced search
  • Recent comments
  • Most popular
  • Libraries

Log in to your account

Log in with GOOGLE


If you do not have an external account, but do have a local account, you can still log in:

  1. Home
  2. MARC view: Played In Britain: Modern Theatre In 100 Plays
Normal view MARC view ISBD view

Played In Britain: Modern Theatre In 100 Plays (Record no. 295630)

[ view plain ]
MARC details
000 -LEADER
fixed length control field 00387nam a2200121Ia 4500
008 - FIXED-LENGTH DATA ELEMENTS--GENERAL INFORMATION
fixed length control field 160609s9999 xx 000 0 und d
100 ## - MAIN ENTRY--PERSONAL NAME
Personal name Gray, Frances.
245 ## - TITLE STATEMENT
Title Played In Britain: Modern Theatre In 100 Plays
245 ## - TITLE STATEMENT
Statement of responsibility, etc By:Frances Gray, Kate Dorney
260 ## - PUBLICATION, DISTRIBUTION, ETC. (IMPRINT)
Date of publication, distribution, etc 2015
650 ## - SUBJECT ADDED ENTRY--TOPICAL TERM
General subdivision INTRODUCTION TO THEATRE ARTS
856 ## - ELECTRONIC LOCATION AND ACCESS
Uniform Resource Identifier <a href="http://file.ebook777.com/010/PlaInBriModTheIn100Pla.pdf">http://file.ebook777.com/010/PlaInBriModTheIn100Pla.pdf</a>
Holdings
Withdrawn status Lost status Damaged status Home library Current library Date acquired Total Checkouts Date last seen Price effective from Koha item type
      College Library College Library 06/09/2016   06/09/2016 06/09/2016 Curriculum - Based eBooks

Played In Britain: Modern Theatre In 100 Plays

APA

Gray F., . (2015). Played In Britain: Modern Theatre In 100 Plays. : .

Chicago

Gray Frances, . 2015. Played In Britain: Modern Theatre In 100 Plays. : .

Harvard

Gray F., . (2015). Played In Britain: Modern Theatre In 100 Plays. : .

MLA

Gray Frances, . Played In Britain: Modern Theatre In 100 Plays. : . 2015.

  • Place hold
  • Print
  • Cite
  • Add to your cart (remove)
  • Save record
    BIBTEX Dublin Core MARCXML MARC (non-Unicode/MARC-8) MARC (Unicode/UTF-8) MARC (Unicode/UTF-8, Standard) MODS (XML) RIS
  • More searches
    Search for this title in:
    Other Libraries (WorldCat) Other Databases (Google Scholar) Online Stores (Bookfinder.com) Open Library (openlibrary.org)

Exporting to Dublin Core...

SOUTHVILLE LIBRARY

Southville International School and Colleges Library

1281 Tropical Ave. Cor. Luxembourg St., BF Homes International, Las Pinas City

Tel. No. 8256374 / 252358 Loc. 117/146

Powered by Koha